El proceso penal: su génesis y primeras críticas jurisdiccionales

Saved in:
Bibliographic Details
Main Author: Clariá Olmedo, Jorge A (Author)
Format: Book
Language:Spanish
Published: Buenos Aires Ediciones Depalma 1994
Edition:2a. ed
Subjects:
Tags: Add Tag
No Tags, Be the first to tag this record!

MARC

LEADER 00000cam a2200000 a 4500
001 UCC4268
003 CL-VaPUC
008 180727e19940000ag |||||||||||||||||spa|d
020 |a 9501407454 
082 0 4 |a 345.8205  |b CLA  |2 21 
100 0 |a Clariá Olmedo, Jorge A  |e author  |9 598425 
245 1 3 |a El proceso penal: su génesis y primeras críticas jurisdiccionales 
250 |a 2a. ed 
300 |a 400 p 
942 |c BK 
945 |d 20180727 12:54:00  |a dcastane 
260 |a Buenos Aires  |b Ediciones Depalma  |c 1994 
650 0 |a Derecho penal argentino  |9 473868 
650 0 |a Derecho procesal penal   |9 256392 
650 0 |a Jurisprudencia  |9 255952 
650 0 |a Ordenamiento jurídico   |9 355371 
583 |a last modification  |c 20180727 12:54:00  |k Rodrigo Vera 
999 |c 371821  |d 371819 
952 |0 0  |1 0  |3 erb  |4 0  |6 345_820500000000000_CLA_1994  |7 0  |8 A  |9 489018  |a BIBDER  |b BIBDER  |e Mateluna Arestizabal, Alfredo Sergio  |i 5483018  |o 345.8205 CLA 1994  |p 5483018  |r 2023-01-25  |w 2019-11-24  |y BK  |z Catalogado en:20180727  |k DER